| 000 | 00876cam a2200253 a 4500 | ||
|---|---|---|---|
| 001 | 15226672 | ||
| 005 | 20260504112524.0 | ||
| 008 | 080320s2008 enka b 001 0 eng | ||
| 020 |
_a9780273708896 _qalk. paper |
||
| 020 |
_a0273708899 _qalk. paper |
||
| 050 | 0 | 0 |
_aHD30.215 _b.M67 2008 |
| 082 | 0 | 0 |
_a658.4/033 _222 |
| 100 | 1 | _aMorris, Clare. | |
| 245 | 1 | 0 |
_aQuantitative approaches in business studies / _cClare Morris. |
| 250 | _a8th ed. | ||
| 260 |
_aHarlow, England ; _aNew York : _bFinancial Times/Prentice Hall, _cc2012 |
||
| 300 |
_axxi,520p _bill. (some col.) ; _c27 cm. |
||
| 500 | _aIncludes index | ||
| 650 | 0 |
_aManagement _xStatistical methods. |
|
| 650 | 0 |
_aDecision making _xMathematical models. |
|
| 650 | 0 | _aStatistical decision. | |
| 856 | 4 | 1 |
_3Table of contents only _uhttp://www.loc.gov/catdir/toc/ecip0813/2008012392.html |
| 942 |
_2lcc _cBK _e8th edi _n0 |
||
| 999 |
_c9740 _d9740 |
||